00888nam a2200241 450000500170000001000150001702000270003203500140005903700090007308200110008210000240009324500910011725000060020826000490021427000750026330000200033850000400035870000420039870000330044094200220047399900190049595201320051420250821121243.0 aENG-146490 a9789364440332c1199.00 aEN-130022 bDBAD a00021 aSharma, Arun984175 aGeneral Studies 2026:bfor UPSC and State services examinations paper-2/cArun sharma a1 aChennaibMcgraw Hill Education Pvt Ltdc2025 aAnjana Complex No: 5/90 A, Butt Road, St Thomas MountbChennaie600016 a810p.c27cm(pb) aCSAT (Civil Services Aptitude Test) aBhagat, kumar Madhukareauthor984176 aGuha, Abhijiteauthor984177 2ddccENh000mSHA c213070d213070 001040718NFICaDBADbDBADd2025-08-21eDBADg1199.00l0o000 SHApEN-130022r2025-08-21 00:00:00t1v1199.00w2025-08-21yEN